000 00379nam a2200097Ia 4500
008 160725s9999 xx 000 0 und d
100 _aMiranda, Joanne R.
245 _aExploring the video clip presentation as a performance assessment task in a meaningful engaged learning environment.
260 _bKaizen Research Journal College of Education
_cJanuary 2014
650 _aEDUCATION
999 _c298004
_d298004